مكتبة جامعة عجلون الوطنية

فهرس بحث المكتبة

الالكسثيميا وعلاقته بالانسحاب الاجتماعي لدى طلبة ذوي صعوبات التعلم من وجهة نظر اولياء امورهم=Alexithymia and its Relationship to Social Withdrawal among Students With Learning Disabilities from Parents' Perspectives / (Record no. 32383)

MARC details
000 -LEADER
fixed length control field 01373nam a2200253Ii 4500
003 - CONTROL NUMBER IDENTIFIER
control field JO-AjNU
005 - DATE AND TIME OF LATEST TRANSACTION
control field 20240630113020.0
008 - FIXED-LENGTH DATA ELEMENTS--GENERAL INFORMATION
fixed length control field 230605s9999||||xx |||||||||||||| ||und||
040 ## - CATALOGING SOURCE
Original cataloging agency JO-AjNU
Language of cataloging ara
Description conventions rda
Transcribing agency JO-AjNU
041 ## - LANGUAGE CODE
Language code of text/sound track or separate title ara
050 14 - LIBRARY OF CONGRESS CALL NUMBER
Classification number LC4704.2022
100 #1 - MAIN ENTRY--PERSONAL NAME
Personal name المقابلة، سهاد مصطفى احمد
Relator term معد
9 (RLIN) 65956
245 00 - TITLE STATEMENT
Title الالكسثيميا وعلاقته بالانسحاب الاجتماعي لدى طلبة ذوي صعوبات التعلم من وجهة نظر اولياء امورهم=Alexithymia and its Relationship to Social Withdrawal among Students With Learning Disabilities from Parents' Perspectives /
Statement of responsibility, etc. اعداد سهاد مصطفى محمد المقابلة ؛ إشراف محمد احمد العمري، ربيع حامد الزغول
260 ## - PUBLICATION, DISTRIBUTION, ETC.
Date of publication, distribution, etc. 2022
300 ## - PHYSICAL DESCRIPTION
Extent 82 ورقة
336 ## - CONTENT TYPE
Content type term text
Content type code txt
Source rdacontent
337 ## - MEDIA TYPE
Media type term unmediated
Media type code n
Source rdamedia
338 ## - CARRIER TYPE
Carrier type term volume
Carrier type code nc
Source rdacarrier
500 ## - GENERAL NOTE
General note رسالة جامعية(اطروحة ماجستير) تخصص صعوبات التعلم/كلية العلوم التربوية، جامعة عجلون الوطنية، 2022
650 #4 - SUBJECT ADDED ENTRY--TOPICAL TERM
Topical term or geographic name entry element صعوبات تعلم-جوانب اجتماعية
9 (RLIN) 63514
700 #1 - ADDED ENTRY--PERSONAL NAME
Personal name العمري،محمد احمد
9 (RLIN) 65959
Relator term مشرف
700 #1 - ADDED ENTRY--PERSONAL NAME
Personal name الزغول،ربيع حامد
9 (RLIN) 65960
Relator term مشرف مشارك
942 ## - ADDED ENTRY ELEMENTS (KOHA)
Source of classification or shelving scheme Library of Congress Classification
Koha item type Thesis
Holdings
Withdrawn status Lost status Source of classification or shelving scheme Damaged status Not for loan Home library Current library Shelving location Date acquired Total Checkouts Full call number Barcode Date last seen Price effective from Koha item type
    Library of Congress Classification     مكتبة جامعة عجلون الوطنية مكتبة جامعة عجلون الوطنية المراجع 30/06/2024   LC4704.2022 A28815 06/06/2023 30/06/2024 Thesis
    Library of Congress Classification     مكتبة جامعة عجلون الوطنية مكتبة جامعة عجلون الوطنية المراجع 30/06/2024   LC4704.2022 A28814 30/06/2024 30/06/2024 Thesis